000 00351nam a2200145Ia 4500
005 20250516031150.0
008 240331s9999 xx 000 0 und d
082 _a294
_bWIL
100 _aVilgammula Mahimi
245 0 _aSinhala bodiwansaya
260 _aColombo
_bDensan pererea
_c1970
300 _a296 p .,
500 _aSinhala Buddhism
942 _cL
999 _c912
_d912